000 01659nam a2200313 u 4500
001 000391099
003 AM-YeHGA
005 20250617132301.0
008 041203s2004 ai |||||r|||||000|0|arm|d
020 _a9993078581
040 _aAM-YeHGA
041 0 _aarm
245 0 0 _aՀակածխախոտային քաղաքականության արդի հիմնախնդիրները Հայաստանում /
_cԱ. Բազարչյան, Զ. Դարբինյան, Ա. Դավիդյանց և ուրիշներ; Հանր. առողջ. հայկ. ալյանս.
260 _aԵրևան :
_bԱսողիկ
_bՀայաստանի ամերիկյան համալսարան,
_c2004.
300 _a44 էջ :
_bնկ., աղս. ;
_c24 սմ.
500 _aՕգտագործած գրականության ցանկ, էջ՝ 43
650 1 4 _aՀակածխախոտային քաղաքականություն
650 1 4 _aՀիգիենա
_xԱռողջություն
650 1 4 _aԾխախոտի օգտագործելը, առողջության քայքայում
_vԿանխարգելում և հսկողություն
700 1 _aԲազարչյան, Ա.
700 1 _aԴարբինյան, Զ.
700 1 _aՄարգարյանց, Հ.
700 1 _aՄովսիսյան, Ն.
710 2 _aԲաց հասարակության ինստիտուտի օժանդակության հիմնադրամ
710 2 _aՀայաստանի ամերիկյան համալսարաի հիմնադրամ
710 2 _aՀանրային առողջության հայկական միավորում
710 2 _aՀասարակական առողջապահության հայկական ասոցիացիա
090 _c149827
999 _c148439
_d148439